000 00754nam a2200241 i 4500
001 5715
003 ES-MaACL
005 20240519063019.0
007 t|
008 890424s1988 sp ||||1| spa d
020 _a84-239-5270-3
080 _a726.6(46)
100 0 _aNavascués Palacio, Pedro,
_d1942-2022
_985218
245 1 0 _aCatedrales de España /
_cPedro Navascues Palacio, Carlos Sarthou Carreres.
250 _a8a ed.
260 _aMadrid :
_bEspasa-Calpe,
_c1988.
300 _a374 p. :
_bprincipalmente il. ;
_c31 cm.
504 _aBibliografía.
650 1 4 _aCatedrales-
_zEspaña.
_910848
700 1 _aSarthou Carreres, Carlos.
_9103879
852 _aES-MaACL
_jL-12568
_bR.116338
_z. - piel
999 _c5715
_d5715